| 000 | 00433cam a2200181ua 4500 | ||
|---|---|---|---|
| 020 | _cRs 8.00 | ||
| 041 |
_ahin _h |
||
| 082 |
_a891.54 _bRAN/PA |
||
| 100 | _aRanday, R D . | ||
| 245 |
_aParamarth: Sopan / _cR D Randay. _hTextual Documents |
||
| 250 |
_a1 / _b. |
||
| 260 |
_aMumbai : _bBharatiya Vidya Bhavan , _c1959. |
||
| 300 | _a497 ; . | ||
| 365 | _aRs 8.00 | ||
| 504 | _a | ||
| 942 | _cBK | ||
| 999 |
_c3684 _d3684 |
||